000 00751nam a2200217Ia 4500
003 GCL
008 140319s9999 xx 000 0 ara d
040 _aGCL /
_cGCL
082 0 4 _a811.082
_bب م
100 1 _aبهاء جاهين
245 1 0 _aمكاشفات شخصية :
_bشعر /
_cبهاء جاهين
250 _aالاولى
260 _aالقاهرة :
_bالهيئة العامة لقصور الثقافة ،
_c1999
300 _a206 ص ؛
_c12 سم
490 _aاصوات ادبية
_v0
650 0 4 _aالشعر العربى
650 0 4 _aالشعر
650 0 4 _aالشعر العربى - العصر الحديث
650 0 4 _aالشعر العربى - مصر - تاريخ ونقد - العصر الحديث
942 _2ddc
_cBK
999 _c9293
_d9293